Countries That Weren't Invaded by Britain - Statistics

General Stats
  • This quiz has been taken 962 times
    938 since last reset
  • The average score is 6 of 22
Answer Stats
Hint Answer % Correct
Evo Morales Bolivia
50%
Tsakhiagiin Elbegdorj Mongolia
47%
Alexander Lukashenko Belarus
43%
Fredrik Reinfeldt Sweden
39%
Albert Alexandre Louis Pierre Grimaldi Monaco
34%
Horacio Cartes Paraguay
33%
Islam Karimov Uzbekistan
33%
Giuseppe Bertello Vatican
32%
Joan Enric Vives i Sicília Andorra
31%
Emomalii Rahmon Tajikistan
30%
Denis Sassou Nguesso Republic of Congo
28%
Idriss Déby Chad
25%
Almazbek Atambayev Kyrgyzstan
25%
Albert Frick Liechtenstein
24%
Xavier Bettel Luxembourg
24%
Ibrahim Boubacar Keïta Mali
22%
Otto Pérez Molina Guatemala
19%
Pierre Nkurunziza Burundi
11%
Alassane Ouattara Ivory Coast
11%
Catherine Samba-Panza Central African Republic
9%
Manuel Pinto da Costa Sao Tome and Principe
8%
Christopher Loeak Marshall Islands
5%
No matching quizzes found
Score Distribution
Percent of People with Each Score
Percentile by Number Answered
Your Score History
You have not taken this quiz since the last reset